Catálogo

The essential mediterranean cookbook / (Registro nro. 40707)

Detalles MARC
000 -LEADER
fixed length control field 01168cam a2200325 i 4500
001 - CONTROL NUMBER
control field 40707
003 - CONTROL NUMBER IDENTIFIER
control field Mx-PuUPA
005 - DATE AND TIME OF LATEST TRANSACTION
control field 20220120115406.0
008 - FIXED-LENGTH DATA ELEMENTS--GENERAL INFORMATION
fixed length control field 140415s2001 caua gr 001 0 eng d
020 ## - INTERNATIONAL STANDARD BOOK NUMBER
International Standard Book Number 1571459774
040 ## - CATALOGING SOURCE
Original cataloging agency Mx-PuUPA
Language of cataloging spa
Transcribing agency Mx-PuUPA
Modifying agency Mx-PuUPA
Description conventions rda
041 0# - LANGUAGE CODE
Language code of text/sound track or separate title eng
110 2# - MAIN ENTRY--CORPORATE NAME
9 (RLIN) 11924
Corporate name or jurisdiction name as entry element Murdoch Books
245 14 - TITLE STATEMENT
Title The essential mediterranean cookbook /
Statement of responsibility, etc. Murdoch Books ; chief executive, Juliet Rogers ; publisher, Kay Scarlett ; photographers, Craig Cranko, Brett Stevens
264 #1 - PRODUCTION, PUBLICATION, DISTRIBUTION, MANUFACTURE, AND COPYRIGHT NOTICE
Place of production, publication, distribution, manufacture San Diego, CA :
Name of producer, publisher, distributor, manufacturer Thunder Bay Press,
Date of production, publication, distribution, manufacture, or copyright notice ©2001
300 ## - PHYSICAL DESCRIPTION
Extent 304 páginas :
Other physical details ilustraciones ;
Dimensions 29 cm
336 ## - CONTENT TYPE
Fuente rdacontent
Content type term texto
Content type code txt
336 ## - CONTENT TYPE
Fuente rdacontent
Content type term imagen fija
Content type code sti
337 ## - MEDIA TYPE
Source rdamedia
Media type term sin medio
Media type code n
338 ## - CARRIER TYPE
Source rdacarrier
Carrier type term volumen
Carrier type code nc
650 #7 - SUBJECT ADDED ENTRY--TOPICAL TERM
Topical term or geographic name entry element Cocina mediterránea
Source of heading or term armarc
700 1# - ADDED ENTRY--PERSONAL NAME
Personal name Rogers, Juliet,
Relator term director
700 1# - ADDED ENTRY--PERSONAL NAME
Personal name Scarlett, Kay,
Relator term editor
700 1# - ADDED ENTRY--PERSONAL NAME
Personal name Cranko, Craig,
Relator term fotógrafo
700 1# - ADDED ENTRY--PERSONAL NAME
Personal name Stevens, Brett,
Relator term fotógrafo
942 ## - ADDED ENTRY ELEMENTS (KOHA)
Source of classification or shelving scheme Dewey Decimal Classification
Classification part 641.594
Item part E78
Koha item type Libro
Existencias
Withdrawn status Lost status Source of classification or shelving scheme Damaged status Not for loan Collection code Home library Current library Shelving location Date acquired Source of acquisition Total Checkouts Full call number Barcode Date last seen Price effective from Koha item type
    Dewey Decimal Classification     General Biblioteca Karol Wojtyla Biblioteca Karol Wojtyla Sala general 03/12/2013 Donación   641.594 E78 2001 61369 05/01/2026 03/12/2013 Libro